header

A book of legal lists (Record no. 18774)

MARC details
000 -LEADER
fixed length control field 01209nam a2200301Ia 4500
082 04 - DEWEY DECIMAL CLASSIFICATION NUMBER
Classification number 349.73
-- 347.3
100 1# - MAIN ENTRY--AUTHOR NAME
Personal name Schwartz, Bernard,
245 12 - TITLE STATEMENT
Title A book of legal lists
260 ## - PUBLICATION, DISTRIBUTION, ETC. (IMPRINT)
Place of publication New York :
Name of publisher Oxford University Press,
Year of publication 1997.
300 ## - PHYSICAL DESCRIPTION
Number of Pages 292 p.
650 #0 - SUBJECT ADDED ENTRY--TOPICAL TERM
Topical Term Law
Topical Term Law
856 40 - ELECTRONIC LOCATION AND ACCESS
Uniform Resource Identifier http://site.ebrary.com/lib/rucke/Doc?id=10279307

No items available.

© 2026 Rongo University
Contact us: librarian | system librarian | Rongo university